| 000 | 00397nam a2200145Ia 4500 | ||
|---|---|---|---|
| 008 | 230917s9999||||xx |||||||||||||| ||und|| | ||
| 040 |
_e125533 _aMAIN |
||
| 041 | _aEnglish | ||
| 082 | _a346.0922 C392C | ||
| 100 | _aZelizer, Barbie | ||
| 245 | 0 | _aChanging faces of journalism: tabloidization, technology and truthiness | |
| 260 |
_aLondon _bRoutledge _c2009 |
||
| 300 | _a174p p. | ||
| 942 | _cBK | ||
| 999 |
_c148426 _d148426 |
||